000 00580nam a2200229Ia 4500
003 OSt
005 20220928140749.0
006 a|||||r|||| 00| 0
007 ta
008 220927b |||||||| |||| 00| 0 eng d
024 _a11662
037 _cTextual
040 _aSDCL
_cSDCL
_beng
041 _2eng
_aeng
082 _aD6,8(B289C), N9
100 _aSlama Dirk
_9497506
245 0 _aEnterprise CORBA.
260 _c1999
700 _a Garbis Jason
_9497507
942 _hD6,8(B289C), N9
_cTEXL
_2CC
999 _c814080
_d814080